1100 1072 1739 1845 1489 1000 1969 1334 1338 1155 1122 1744 1047 1395 1189 1215 1207 1755 1470 1309 1407 1282 1136 1029 1444 1534 1089 1928 1052 1956 1970 1531 1460 1121 1886 1889 1742 1668 1787 1352 1882 1797 1162 1107 1047 1456 1235 1192 1272 1624 1746 1450 1683 1364 1816 1699 1602 1668 1219 1980 1840 1282 1422 1769 1789 1852 1906 1021 1420 1057 1101 1933 1251 1467 1376 1737 1882 1289 1495 1999 1452 1818 1152 1947 1225 1808 1760 1030 1340 1482 1945 1932 1238 1130 1280 1016 1980 1090 1674 BCNSPRNW ULIB Ver.6.0+V

เปลี่ยนเป็นภาษาไทย

Change to English
 แสดงรายละเอียดบรรณานุกรม
  กลับหน้าหลัก

Brief Record : Get Marc (ISO 2709) : E-mail record : QR code < ปิดหน้าต่าง
LEADER : 00000nam 2200000uu 4500
001    13399128819
003     ULIB
008    241009s2565||||th 000 0 tha d
020    ^a9786161852542
050  4 ^aQH585.2^bย799ร
100 0  ^aโยชิโมริ, ทะมทสึ
245 10 ^aร่างกายดีระดับเซลล์ =^bLife science /^cทะมทสึ โยชิโมริ, เขียน ;อนิษา เกมเผ่าพันธ์, แปล
246 31 ^aLife science nagaiki sezaruo enai jidai no seimei kagakukogi
250    ^aพิมพ์ครั้งที่ 1
260    ^aกรุงเทพฯ :^bอมรินทร์เฮลท์,^c2565
300    ^a306 หน้า :^bภาพประกอบ ;^c21 ซม.
505 2  ^aฝึกคิดเชิงวิทยาศาสตร์ให้เป็นนิสัย -- ถ้ารู้จักเซลล์ก็รู้จักพื้นฐานของชีวิต --ทำความรู้จักกับความเจ็บป่วย --รู้จักกลไกการกลืนกินตัวเองของเซลล์ซึ่งได้ชื่อว่าอนาคตของเซลล์ --เราจะยืดอายุขัยได้อย่างไร
650  4 ^aเซลล์วิทยา
650  4 ^aชีววิทยา
650  4 ^aวิทยาศาสตร์ชีวภาพ
700 0  ^aอนิษา เกมเผ่าพันธุ์,^eผู้แปล
945    ^p365^l0^i010987
945    ^p365^l0^i010988
945    ^p365^l0^i010989
999    ^aประนอม เกษจรัล
รายการนี้ยังไม่มีแท็ก
คุณยังไม่ได้ล็อกอิน คุณสามารถมีกิจกรรมร่วมกับเว็บไซต์ได้ แต่ต้องล็อกอินก่อน ::
  ล็อกอิน

รายการสื่อสารสนเทศ

ลำดับที่ ประเภท เลขเรียก/บาร์โค้ด สถานที่ สถานะ
1. การศึกษาทั่วไป
หนังสือสำรอง
สถานะ=หนังสือสำรอง
QH585.2 ย799ร ฉ.1 
  Barcode: 010987
ห้องสมุดวิทยาเขตสวรรค์ประชารักษ์
►หนังสือทั่วไป
บนชั้น
2. การศึกษาทั่วไป
การศึกษาทั่วไป
QH585.2 ย799ร ฉ.2 
  Barcode: 010988
ห้องสมุดวิทยาเขตสวรรค์ประชารักษ์
►หนังสือทั่วไป
บนชั้น
3. การศึกษาทั่วไป
การศึกษาทั่วไป
QH585.2 ย799ร ฉ.3 
  Barcode: 010989
ห้องสมุดวิทยาเขตสวรรค์ประชารักษ์
►หนังสือทั่วไป
บนชั้น

รายการใกล้เคียง
    ผู้แต่ง [โยชิโมริ, ทะมทสึ]

    หัวเรื่อง [เซลล์วิทยา]
    หัวเรื่อง [ชีววิทยา]
    หัวเรื่อง [วิทยาศาสตร์ชีวภาพ]

BibComment


ยังไม่เคยถูกคอมเมนท์

คอมเมนท์ทรัพยากรรายการนี้
  คอมเมนท์: ร่างกายดีระดับเซ..


 Copyright 2026. Bcnsprnw @Library